Statistiken für Bon Jovi Alben

Klicken Sie hier um das Quiz zu spielen!

Allgemein

  • Dieses Quiz wurde 16 mal gespielt
  • Das Durchschnittsergebnis liegt bei 7 aus 15

Antwortstatistiken

FrageAntwort% Korrekt
2015Burning Bridges
67%
1984Bon Jovi
58%
2016This House Is Not For Sale
58%
20202020
50%
1986Slippery When Wet
50%
2013What About Now
50%
19857800° Fahrenheit
42%
1992Keep The Faith
42%
1988New Jersey
42%
2002Bounce
33%
2000Crush
33%
2005Have A Nice Day
33%
2009The Circle
33%
1995These Days
33%
2007Lost Highway
25%

Verteilung der Resultate

Perzentil nach korrekt beantworteten Fragen

Anzahl Personen mit jedem Resultat

Ihre Resultats-Entwicklung

Sie haben dieses Quiz noch nicht gespielt